[Event "DVM U20 2014"]
[Site "Naumburg (Saale) GER"]
[Date "2014.12.29"]
[Round "6"]
[White "Kühne, Niklas"]
[Black "Eichstaedt, Mirko"]
[Result "1/2-1/2"]
[Termination "normal"]
[Board "8.1"]
[WhiteElo "1778"]
[BlackElo "1999"]
[WhiteTeam "Meuselwitzer SV"]
[BlackTeam "USV Potsdam"]
[PlyCount "92"]
[WhiteFideId "24690015"]
[BlackFideId "24692310"]
[EventCountry "GER"]
[EventRounds "7"]
[EventType "team-swiss"]
[EventDate "2014.12.26"]

1. c4 Nf6 2. Nc3 e5 3. g3 Bb4 4. Nd5 Ba5 5. Qa4 c6 6. Nxf6+ gxf6 7. b4 Bc7 8.
Bg2 d6 9. Nf3 Be6 10. Qc2 Nd7 11. O-O Nb6 12. d3 Qd7 13. Bd2 Nc8 14. d4 Ne7 15.
e4 Bh3 16. Rfd1 Bxg2 17. Kxg2 h5 18. dxe5 dxe5 19. Nh4 Rg8 20. f3 Qe6 21. Be3
b6 22. a4 a5 23. c5 Nc8 24. b5 cxb5 25. axb5 bxc5 26. Bxc5 Bb6 27. Nf5 Rb8 28.
Bxb6 Qxb6 29. Qd3 Rb7 30. Rac1 Na7 31. Nd6+ Kf8 32. Nxb7 Qxb7 33. Qe3 Kg7 34.
Rd5 Rb8 35. Rcc5 Qb6 36. Qc3 h4 37. g4 h3+ 38. Kxh3 Nxb5 39. Qb2 Nd4 40. Qxb6
Rxb6 41. Rxa5 Nxf3 42. Kg2 Ng5 43. Ra8 Rb2+ 44. Kf1 Nf3 45. Rdd8 Nxh2+ 46. Ke1
Kh6 1/2-1/2

[Event "DVM U20 2014"]
[Site "Naumburg (Saale) GER"]
[Date "2014.12.29"]
[Round "6"]
[White "Cech, Tim"]
[Black "Naundorf, Johannes"]
[Result "1-0"]
[Termination "normal"]
[Board "8.2"]
[WhiteElo "1803"]
[BlackElo "1802"]
[WhiteTeam "USV Potsdam"]
[BlackTeam "Meuselwitzer SV"]
[PlyCount "49"]
[WhiteFideId "1270258"]
[BlackFideId "12950009"]
[EventCountry "GER"]
[EventRounds "7"]
[EventType "team-swiss"]
[EventDate "2014.12.26"]

1. Nf3 f5 2. c4 Nf6 3. Nc3 e6 4. d3 d5 5. Bf4 c6 6. Qc2 Nbd7 7. g3 d4 8. Nxd4
Qe7 9. Bd2 g6 10. Bg2 e5 11. Nb3 Bg7 12. O-O O-O 13. e4 f4 14. Rfe1 Nh5 15. Qd1
Ndf6 16. Bf3 Qf7 17. g4 Nxg4 18. Bxg4 f3 19. Bxc8 Raxc8 20. Kh1 Qe6 21. Rg1 Qh3
22. Qf1 Qe6 23. Be3 b6 24. Nd2 Nf6 25. Rg3 1-0

[Event "DVM U20 2014"]
[Site "Naumburg (Saale) GER"]
[Date "2014.12.29"]
[Round "6"]
[White "Blumenthal, Clemens"]
[Black "Werthmann, Nils"]
[Result "0-1"]
[Termination "normal"]
[Board "8.3"]
[WhiteElo "1573"]
[BlackElo "1794"]
[WhiteTeam "Meuselwitzer SV"]
[BlackTeam "USV Potsdam"]
[PlyCount "52"]
[WhiteFideId "12938050"]
[BlackFideId "1270257"]
[EventCountry "GER"]
[EventRounds "7"]
[EventType "team-swiss"]
[EventDate "2014.12.26"]

1. e4 c5 2. Nf3 Nc6 3. d4 cxd4 4. Nxd4 e6 5. Nxc6 bxc6 6. Bd3 d5 7. O-O Bd6 8.
exd5 cxd5 9. Re1 Nf6 10. Nc3 h6 11. Nb5 Bb8 12. c4 O-O 13. cxd5 Qxd5 14. Nc3
Qd6 15. g3 Bb7 16. f3 Rd8 17. Bc2 Qb6+ 18. Be3 Rxd1 19. Raxd1 Qc7 20. Be4 Nxe4
21. Nxe4 Bxe4 22. fxe4 a5 23. Rd2 Ba7 24. Bxa7 Qxa7+ 25. Kg2 Rc8 26. Kf3 Rc4
0-1

[Event "DVM U20 2014"]
[Site "Naumburg (Saale) GER"]
[Date "2014.12.29"]
[Round "6"]
[White "Ender, Paul Marius"]
[Black "Großmann, Dominic"]
[Result "1-0"]
[Termination "normal"]
[Board "8.4"]
[WhiteElo "1555"]
[BlackElo "1904"]
[WhiteTeam "USV Potsdam"]
[BlackTeam "Meuselwitzer SV"]
[PlyCount "123"]
[WhiteFideId "12936545"]
[BlackFideId "12950017"]
[EventCountry "GER"]
[EventRounds "7"]
[EventType "team-swiss"]
[EventDate "2014.12.26"]

1. e4 e5 2. f4 Nc6 3. Nf3 d6 4. Bc4 Be6 5. Bxe6 fxe6 6. fxe5 dxe5 7. O-O Bc5+
8. Kh1 Nf6 9. d3 h6 10. Qe1 O-O 11. Qg3 Kh7 12. Nc3 Qe8 13. Bd2 Bd6 14. Qh3 Kg8
15. g4 Nd4 16. g5 Nxf3 17. Rxf3 hxg5 18. Bxg5 Nh5 19. Rg1 Rxf3 20. Qxf3 Qf7 21.
Qxf7+ Kxf7 22. Rf1+ Kg6 23. Be3 a6 24. Ne2 Rf8 25. Rxf8 Bxf8 26. Kg2 Bd6 27.
Kf3 c5 28. c4 b6 29. b3 Bc7 30. Kg4 Nf6+ 31. Kf3 Nh5 32. a3 Bd6 33. Bd2 Nf6 34.
Nc3 Kh5 35. Be1 g5 36. Ne2 Kg6 37. Ng3 Nh5 38. Nxh5 Kxh5 39. h3 a5 40. Bf2 Bc7
41. Kg3 Bd8 42. Be1 Be7 43. Kf3 Bd6 44. Bc3 Kh4 45. Kg2 Kh5 46. Kg3 Kg6 47. Kg4
Kh6 48. Bd2 Be7 49. h4 Kg6 50. Bxg5 Bxg5 51. hxg5 Kh7 52. Kh5 Kg7 53. g6 Kg8
54. Kh6 Kh8 55. g7+ Kg8 56. a4 b5 57. cxb5 c4 58. bxc4 Kf7 59. Kh7 Kf6 60. b6
Kf7 61. g8=Q+ Kf6 62. Qg7# 1-0

[Event "DVM U20 2014"]
[Site "Naumburg (Saale) GER"]
[Date "2014.12.29"]
[Round "6"]
[White "Glagau, Lars"]
[Black "Kohl, Natalie"]
[Result "1-0"]
[Termination "normal"]
[Board "8.6"]
[WhiteElo "1441"]
[BlackElo "1145"]
[WhiteTeam "USV Potsdam"]
[BlackTeam "Meuselwitzer SV"]
[PlyCount "59"]
[WhiteFideId "16200390"]
[BlackFideId "12967408"]
[EventCountry "GER"]
[EventRounds "7"]
[EventType "team-swiss"]
[EventDate "2014.12.26"]

1. d4 d5 2. c4 dxc4 3. Nc3 g6 4. e4 Bg7 5. Nf3 Nf6 6. Bxc4 O-O 7. O-O b6 8. Bf4
Bb7 9. Re1 e6 10. Bg5 Qd7 11. Ne5 Qe8 12. Qc2 Nbd7 13. Bb5 a6 14. Bxf6 Bxf6 15.
Nxd7 Qe7 16. Nxf6+ Qxf6 17. Be2 Qxd4 18. Rad1 Qe5 19. h3 f5 20. exf5 gxf5 21.
Bc4 Qg7 22. Bxe6+ Kh8 23. Bd5 Bxd5 24. Nxd5 Rg8 25. Qc3 Qxc3 26. Nxc3 f4 27.
Re7 f3 28. g3 c5 29. Rdd7 Rxg3+ 30. fxg3 1-0